01211cam a22002651 4500001001300000003000400013005001700017008004100034010001700075035001900092040006900111042001200180050002300192051001900215100002300234245009500257260016300352300002200515410006600537500001600603501021300619650004800832700004800880999001700928hew65000115 DLC20260227111514.0781205s1965 dcu f000 0 eng c ahew65000115  a(OCoLC)4421375 aU.S. Dept. of Health, Education, and Welfare. LibrarycODaUdDLC apremarc00aL111b.A614 no. 50 aLB3218.A1bC591 aCollins, George J.10aConditions of public school plants, 1964-65,cby George J. Collins and William L. Stormer. a[Washington,bU.S. Dept. of Health, Education, and Welfare, Office of Education;b[for sale by the Superintendent of Documents, U.S. Govt. Print. Off.,c1965] avi, 38 p.c29 cm.10aUnited States.bOffice of Education.tMisc[ellaneous]vno. 50 a"OE-21033." aL111.A614 with: State programs for public school support / Albert R. Munse. Washington : U.S. Dept. of Health, Education, and Welfare, Office of Education, 1965. Bound together subsequent to publication.5DLC 0aSchool buildingszUnited StatesxStatistics1 aStormer, William Lee,d1929-ejoint author. c34559d34559